La Calabria tirrenica nell' antichità: nuovi documenti e problematische storiche

Uloženo v:
Podrobná bibliografie
Hlavní autor: De Sensi Sestito, Giovanna (Autor)
Médium: Kniha
Jazyk:italština
Vydáno: s.l Rubbettino 2008
Vydání:1a. ed
Témata:
Tagy: Přidat tag
Žádné tagy, Buďte první, kdo vytvoří štítek k tomuto záznamu!

MARC

LEADER 00000cam a2200000 a 4500
001 UCD8605
003 CL-VaPUC
005 20240611114548.0
008 170519e200800000 1 ita d
082 0 4 |a 930.3  |b DES  |2 21 
100 1 |a De Sensi Sestito, Giovanna  |e author  |9 622231 
245 1 3 |a La Calabria tirrenica nell' antichità: nuovi documenti e problematische storiche 
250 |a 1a. ed 
260 |a s.l  |b Rubbettino  |c 2008 
300 |a 713 p 
583 |a last modification  |c 20190909 10:08:21  |k Rodrigo Vera 
650 0 0 |a Arqueología romana   |9 322709 
650 0 7 |a EXCAVACIONES ARQUEOLOGICAS  |2 CL-VaPUC  |9 310948 
650 0 0 |a Historia de Roma   |9 315349 
942 |c BK 
945 |a dcastane  |d 20170519 15:42:00 
546 |a En Italiano 
536 |a IRACEB 
518 |p La Calabria tirrenica nell' antichità, 1, Rende, 23-25 novembre 2000 
999 |c 384873  |d 384871 
952 |0 0  |1 0  |3 erb  |4 0  |6 930_300000000000000_DES_2008  |7 0  |8 A  |9 507876  |a FDOLAF  |b FDOLAF  |e Laffi, Umberto  |i 539161K  |o 930.3 DES 2008  |p 539161K  |r 2024-01-30  |w 2020-01-23  |y BK  |z Catalogado en:20170519  |k LAF